Las actividades de colaboración de los privados con la administración tributaria (Registro nro. 161142)
[ vista simple ]
| 000 -LEADER | |
|---|---|
| fixed length control field | 01166cam a2200253 i 4500 |
| 008 - FIXED-LENGTH DATA ELEMENTS--GENERAL INFORMATION | |
| fixed length control field | 061031s2006 sp 000 0 spa d |
| 017 ## - | |
| -- | D.L.M24740-06 |
| 020 ## - INTERNATIONAL STANDARD BOOK NUMBER | |
| International Standard Book Number | 84-9772-878-5 |
| 035 ## - | |
| -- | 5926 |
| 040 ## - CATALOGING SOURCE | |
| Original cataloging agency | SpMaUCEM |
| Modifying agency | BUS |
| -- | vLex |
| 080 ## - | |
| -- | 336.225(460) |
| 090 ## - | |
| -- | 2722 |
| -- | 2722 |
| 100 1# - MAIN ENTRY--PERSONAL NAME | |
| Personal name | Calvo Ortega, Rafael. |
| 245 14 - TITLE STATEMENT | |
| Title | Las actividades de colaboración de los privados con la administración tributaria |
| Medium | [Recurso electrónico] : |
| Remainder of title | en torno a un nuevo ordenamiento / |
| Statement of responsibility, etc | Rafael Calvo Ortega. |
| 256 ## - | |
| -- | Servicio en línea |
| 260 ## - PUBLICATION, DISTRIBUTION, ETC. (IMPRINT) | |
| Place of publication, distribution, etc | Madrid : |
| Name of publisher, distributor, etc | Dykinson, |
| Date of publication, distribution, etc | D.L. 2006. |
| 300 ## - PHYSICAL DESCRIPTION | |
| Extent | 1 recurso electrónico |
| 506 1# - RESTRICTIONS ON ACCESS NOTE | |
| Terms governing access | Contenido solo disponible en los productos indicados |
| Authorized users | vLex Global |
| -- | vLex Global (Academic Edition, excluding Law Schools) |
| -- | vLex Global (U.S. Academic Edition, Law Schools) |
| -- | vLex Global (U.S. Academic Edition, excluding Law Schools) |
| -- | vLex Global (Academic Edition, Law Schools) |
| 650 04 - SUBJECT ADDED ENTRY--TOPICAL TERM | |
| Topical term or geographic name as entry element | Contribuyentes |
| General subdivision | Derecho |
| Geographic subdivision | España |
| 740 0# - | |
| -- | vLex Libros (Servicio en línea) |
| 856 40 - LOCALIZACIÓN Y ACCESO ELECTRÓNICO | |
| Identificador Uniforme del Recurso (URI/URL) | https://app.vlex.com/#/sources/colaboracion-privados-administracion-tributaria-5926 |
| 942 ## - | |
| -- | RAA |
| 999 ## - | |
| -- | 161142 |
| -- | 161142 |
No hay ítems disponibles.